000 00685nam a22002770a 4500
001 PT60063
003 AR-LpoUNG
005 20210131231938.0
008 191001s2017||||ag |||||||||||||||||spa d
020 _a9789877121315
_c$2.40
040 _aAR-LpoUNG
_bspa
_cAR-LpoUNG
_eaacr
041 _aspa
044 _aag
082 0 _aA863 924tre
100 1 _aGuebel, Daniel
245 1 0 _aTres visiones de Las mil y una noches
250 _a1ra. ed.
260 _aBuenos Aires :
_bEterna Cadencia,
_c2017.
300 _a94 p. :
_bil.
650 4 _aARGENTINA
650 4 _aCUENTOS
650 4 _aLITERATURA
653 _aLITERATURA ARGENTINA
905 _a60063
942 _cLIB
999 _c12753
_d12753